000 nam a22 7a 4500
999 _c234985
_d234985
003 Nust
005 20170404113514.0
008 170404b xxu||||| |||| 00| 0 eng d
020 _a9789699224010
040 _c0
082 _a338.4 SHI
100 _aShinwari,Zabta Khan
245 _aBiotechnology In Developing Countries:
_bProspects And Challenges
260 _aLahore
_bQarshi University
_c2010
300 _a126p.
500 _aP.B
942 _2ddc
_cBK
_k338.4 SHI